| 000 | 00602nam a2200229 a 4500 | ||
|---|---|---|---|
| 001 | BRL_698 | ||
| 005 | 20190320210846.0 | ||
| 008 | 250913s1960----gw-b######---#000-0#ger-# | ||
| 041 | _ager | ||
| 044 | _agw | ||
| 050 | 4 |
_aPZ4 _b.U76 1960 |
|
| 100 | 1 |
_aUris, Leon _920393 |
|
| 245 | 1 | 0 |
_aExodus _bRoman _cLeon Uris. |
| 260 |
_aMünchen _bVerleg Bei Kindler _c1960 |
||
| 300 |
_a[841] p. _bil., mapas _c21 cm. |
||
| 500 | _aAu767 | ||
| 650 | 1 | 4 |
_aÉxodo _xHistoria _924678 |
| 650 | 1 | 4 |
_aJudíos _xMigración e inmigración _924679 |
| 651 | 4 |
_aIsrael _xHolocausto _924680 |
|
| 902 | _aGRL | ||
| 942 |
_2lcc _cB |
||
| 999 |
_c9510 _d9510 |
||